The biology of terrestrial molluscs

Gespeichert in:
Bibliographische Detailangaben
Format: Buch
Sprache:Undetermined
Veröffentlicht: Oxford, UK CABI 2001
Schlagworte:
Tags: Tag hinzufügen
Keine Tags, Fügen Sie den ersten Tag hinzu!
Thư viện lưu trữ: Trung tâm Học liệu Trường Đại học Cần Thơ
LEADER 00430nam a2200169Ia 4500
001 CTU_67885
008 210402s9999 xx 000 0 und d
082 |a 594 
082 |b B615 
245 4 |a The biology of terrestrial molluscs 
245 0 |c Edited by G. M. Baker 
260 |a Oxford, UK 
260 |b CABI 
260 |c 2001 
650 |a Mollusks 
904 |i Minh 
980 |a Trung tâm Học liệu Trường Đại học Cần Thơ